| 000 | 01069 a2200181 4500 | ||
|---|---|---|---|
| 003 | NUST | ||
| 005 | 20230119181522.0 | ||
| 020 | _a0070601380 | ||
| 040 | _cNust | ||
| 082 | _a658.404,LEW | ||
| 100 |
_aLewis, James P. _965900 |
||
| 245 |
_aThe Mcgraw-Hill guide to the PMP exam : _bcomprehensive coverage of all essential principles and concepts in-depth discussion of all difficult material / _cJames p.Lewis, Robert E. Dudley |
||
| 260 |
_aNew Delhi _bMc Graw-Hill _c2005 |
||
| 300 | _a417,p: | ||
| 505 | _aIntroduction (Page-1), The Project Management context (Page-7), Project Management Process (Page-29), Project Integration Management (Page-41), Scope Management (Page-59), Time Management (Page-83), Cost Management (Page-119), Project Quality Management (Page-161), Human Resource Management (Page-187), Communication Management (Page-209), Risk (Page-229), Procurement (Page-283), Professional Responsibility (Page-377), Preparing for PMP Exam (Page-393). | ||
| 650 |
_aThe Mcgraw-Hill guide to the pmp exam _9107172 |
||
| 942 |
_2ddc _cBK _k658.404,LEW |
||
| 999 |
_c184941 _d184941 |
||